00533nam a2200169Ia 4500003000900000008004100009020001800050040001600068080002100084100002200105245011900127260003000246300001700276650002400293650002700317650001900344IN-BaIIA211028s9999 xx 000 0 eng d a0-07-084483-6 cIIA Library a621.38(035)bHAM aHamilton, T. D. S 0aHandbook of linear integrated electronics for researchcT. D. S Hamilton  aLondonbMcGraw-Hillc1977 axviii, 469p. aIntegrated circuits aIntegrated electronics aNASA thesaurus